00961nam a2200241Ia 4500001000600000003000900006008004100015040001300056040001300069041001300082100002000095100002900115245005700144245009300201250001100294260001900305260001500324260004900339300005800388500022800446650001400674650003100688A8206IT-RoPAU130308s9999 xx 000 0 und d aIT-RoPAU cIT-RoPAU aITALIANO aDacquino Pietro gCodice Aut. SPICS: 36351 aContesto biblico del sacramento della penitenza (Il) bPenitenza (La)-Studi Biblici, Teologici e Pastorali. Il Nuovo rito della Riconciliazione a1a ed. aTORINO/LEUMANN bElle Di Ci c1976 [1° Ed.:1976 - Ed.Ling.Originale:1976] a"18 p. (prefazione: no ; testo: 18 [pagine: 91-108])" aIndisciplinati di Tessalonica. fedeli Indegni di Corinto. Provvedimenti Punitivi. Paralleli Rabbinici. Separazione presso I Cristiani. Riammissione dei Pentiti. rito Sacramentale. Tradizione e Successiva Penitenza Pubblica. aPENITENZA eCodice materia Spics: 9154